<?xml version="1.0" encoding="UTF-8"?>
<record
    xmlns:xsi="http://www.w3.org/2001/XMLSchema-instance"
    xsi:schemaLocation="http://www.loc.gov/MARC21/slim http://www.loc.gov/standards/marcxml/schema/MARC21slim.xsd"
    xmlns="http://www.loc.gov/MARC21/slim">

  <leader>00595nam a2200205Ia 4500</leader>
  <controlfield tag="001">3339</controlfield>
  <controlfield tag="003">GE_BSU</controlfield>
  <controlfield tag="008">181216s||||||||xx |||||||||||||| ||und||</controlfield>
  <datafield tag="040" ind1=" " ind2=" ">
    <subfield code="c">GE_BSU</subfield>
  </datafield>
  <datafield tag="080" ind1=" " ind2=" ">
    <subfield code="a">621.64.002</subfield>
  </datafield>
  <datafield tag="100" ind1=" " ind2=" ">
    <subfield code="a">&#x411;&#x43E;&#x440;&#x43E;&#x434;&#x430;&#x432;&#x43A;&#x438;&#x43D;,&#x41F;.&#x41F;. &#x422;&#x430;&#x440;&#x430;&#x43D;,&#x412;.&#x414;.</subfield>
  </datafield>
  <datafield tag="245" ind1=" " ind2=" ">
    <subfield code="a">&#x422;&#x440;&#x443;&#x431;&#x43E;&#x43F;&#x440;&#x43E;&#x432;&#x43E;&#x434;&#x44B; &#x432; &#x441;&#x43B;&#x43E;&#x436;&#x43D;&#x44B;&#x445; &#x443;&#x441;&#x43B;&#x43E;&#x432;&#x438;&#x44F;&#x445;.</subfield>
  </datafield>
  <datafield tag="245" ind1=" " ind2=" ">
    <subfield code="c">&#x420;&#x435;&#x434;.&#x412;.&#x412;.&#x41F;&#x435;&#x440;&#x435;&#x432;&#x435;&#x440;&#x437;&#x435;&#x432;.</subfield>
  </datafield>
  <datafield tag="260" ind1=" " ind2=" ">
    <subfield code="a">&#x41C;.</subfield>
  </datafield>
  <datafield tag="260" ind1=" " ind2=" ">
    <subfield code="b">&#x41D;&#x435;&#x434;&#x440;&#x430;.</subfield>
  </datafield>
  <datafield tag="260" ind1=" " ind2=" ">
    <subfield code="c">1968.</subfield>
  </datafield>
  <datafield tag="300" ind1=" " ind2=" ">
    <subfield code="a">304&#x441;&#x442;&#x440;.&#x441; &#x438;&#x43B;&#x43B;.20 &#x441;&#x43C;.</subfield>
  </datafield>
  <datafield tag="653" ind1=" " ind2=" ">
    <subfield code="a">&#x422;&#x440;&#x443;&#x431;&#x43E;&#x43F;&#x440;&#x43E;&#x432;&#x43E;&#x434;&#x44B; &#x432; &#x441;&#x43B;&#x43E;&#x436;&#x43D;&#x44B;&#x445; &#x443;&#x441;&#x43B;&#x43E;&#x432;&#x438;&#x44F;&#x445;.</subfield>
  </datafield>
  <datafield tag="942" ind1=" " ind2=" ">
    <subfield code="c">BK</subfield>
  </datafield>
  <datafield tag="999" ind1=" " ind2=" ">
    <subfield code="c">37380</subfield>
    <subfield code="d">37380</subfield>
  </datafield>
  <datafield tag="952" ind1=" " ind2=" ">
    <subfield code="0">0</subfield>
    <subfield code="1">0</subfield>
    <subfield code="4">0</subfield>
    <subfield code="7">0</subfield>
    <subfield code="9">37336</subfield>
    <subfield code="d">2018-12-17</subfield>
    <subfield code="p">9304</subfield>
    <subfield code="r">2018-12-17</subfield>
    <subfield code="w">2018-12-17</subfield>
    <subfield code="y">BK</subfield>
  </datafield>
</record>
